Top 15 Countries with Covid-19 Deaths - 11 May 2022 - Statistics

General Stats
  • This quiz has been taken 25 times
  • The average score is 12 of 27
Answer Stats
country % Correct
United Kingdom
100%
United States
100%
Brazil
92%
Germany
92%
Italy
92%
India
88%
Russia
88%
France
84%
Mexico
84%
Argentina
68%
Indonesia
60%
Colombia
48%
Poland
44%
Iran
40%
Peru
24%
Bulgaria
16%
Croatia
16%
Czechia
16%
Romania
16%
Hungary
12%
Latvia
12%
Lithuania
12%
Slovakia
12%
Bosnia and Herzegovina
8%
Georgia
8%
Slovenia
8%
North Macedonia
4%
No matching quizzes found
Score Distribution
Percent of People with Each Score
Percentile by Number Answered
Your Score History
You have not taken this quiz